Maple computer manual : for 7th edition, Advanced engineering mathematics, Erwin Kreyszig /
Guardado en:
| Autor Principal: | |
|---|---|
| Otros Autores: | |
| Formato: | Libro |
| Idioma: | English |
| Publicado: |
New York :
Wiley,
c1994.
|
| Materias: | |
| Etiquetas: |
Agregar Etiqueta
Sin Etiquetas, Sea el primero en etiquetar este registro!
|
| LEADER | 00896nam a22002175a 4500 | ||
|---|---|---|---|
| 001 | MAT.inmabb003746 | ||
| 008 | 060211s1994####nyua#####b####001#0#eng#d | ||
| 005 | 20180612124431.0 | ||
| 245 | 1 | 0 | |a Maple computer manual : |b for 7th edition, Advanced engineering mathematics, Erwin Kreyszig / |c E. Kreyszig, E. J. Norminton. |
| 260 | |a New York : |b Wiley, |c c1994. | ||
| 300 | |a 1 v. (paginación variada) : |b il. ; |c 28 cm. | ||
| 500 | |a "Present[s] a careful selection of about 250 worked-out examples and nearly 800 problems"--Preface. | ||
| 504 | |a Incluye referencias bibliográficas (p. A1) e índice. | ||
| 020 | |a 047131126X | ||
| 100 | 1 | |a Kreyszig, Erwin. | |
| 700 | 1 | |a Norminton, E. J. |q (Edward J.) | |
| 700 | 1 | |a Kreyszig, Erwin. |t Advanced engineering mathematics. | |
| 084 | |a 00A06 |2 msc2000 | ||
| 084 | |a 68W30 |2 msc2000 | ||
| 630 | 0 | 0 | |a Maple (Computer file) |
| 859 | |h 00A06 |i K92-7m |p A-7048 |b BIB. MATEMATICA | ||
